"Poemario". Más allá de la soledad
Kaydedildi:
| Yazar: | |
|---|---|
| Materyal Türü: | Kitap |
| Dil: | Undetermined |
| Baskı/Yayın Bilgisi: |
Ecuador
Casa de la Cultura Ecuatoriana
1984
|
| Konular: | |
| Etiketler: |
Etiketle
Etiket eklenmemiş, İlk siz ekleyin!
|
MARC
| LEADER | 00000nam a2200000Ia 4500 | ||
|---|---|---|---|
| 008 | 170316s9999 xx 000 0 und d | ||
| 040 | |a cru BVZT | ||
| 090 | |a 860 M-12p | ||
| 100 | |a Medina Mena, Yolanda /et.al./ | ||
| 245 | |a "Poemario". Más allá de la soledad | ||
| 260 | |a Ecuador | ||
| 260 | |b Casa de la Cultura Ecuatoriana | ||
| 260 | |c 1984 | ||
| 300 | |a 81 páginas | ||
| 650 | |a LITERATURA LATINOAMERICANA | ||
| 999 | |c 8912 |d 8912 | ||
| 942 | |c 15 D |h 860 M-12p |2 z | ||
